María en el tiempo actual de la Iglesia /
Kaydedildi:
| Yazar: | |
|---|---|
| Materyal Türü: | Kitap |
| Dil: | İspanyolca |
| Seri Bilgileri: | (Bibliotheca Mariana Moderni Aevi)
|
| Konular: | |
| Etiketler: |
Etiket eklenmemiş, İlk siz ekleyin!
|
MARC
| LEADER | 00000nam^a2200000^a^4500 | ||
|---|---|---|---|
| 001 | 000303058 | ||
| 005 | 20250521000000.0 | ||
| 009 | 20260310112637.379 | ||
| 037 | |a Acervo Xavier Clavigero | ||
| 041 | |a ESP | ||
| 082 | |a 232. 91 |b ALD | ||
| 100 | |a Aldama, José A. de |e (autor) | ||
| 245 | 1 | 0 | |a María en el tiempo actual de la Iglesia / |c J.A. de Aldama. |
| 264 | |a Zaragoza, España : |b Hechos y Dichos, |c ca. 1964 | ||
| 300 | |a 175 p. | ||
| 336 | |a texto |b txt |2 rdacontenido | ||
| 337 | |a sin mediación |b n |2 rdamedio | ||
| 338 | |a volumen |b nc |2 rdasoporte | ||
| 440 | 1 | |a (Bibliotheca Mariana Moderni Aevi) | |
| 649 | |a XX | ||
| 650 | |a Virgen María - |x Culto | ||
| 650 | |a Virgen María - |x Teología | ||
| 650 | |a Virgen María - |x Tema Principal | ||
| 650 | |a Teología Doctrinal | ||
| 650 | |a Iglesia Católica | ||
| 650 | |a Catolicismo | ||
| 650 | |a Cristianismo | ||
| 650 | |a Religión | ||
| 910 | |a Fondo General | ||
| 920 | |a Impresos - Libros | ||
| 930 | |a Colección General | ||
| 905 | |a 101 | ||
| 901 | |a 0500189456 |b IT1 |c ACC |u 20250521 | ||
| 902 | |a https://opac.biblio.iteso.mx/vufind/Record/000303058 | ||